00175nam a22000857a 4500020001800000100001600018245001200034260003100046300001200077 a9781338600896 aJerry Craft aNew Kid aNew YorkbScholasticc2019 a249 pgs